{"text_format":"3","workbook":"xlsx","n_sheets":1,"sheets":["t613"],"read":"whole","date_system":"1900"}

{"sheet":"t613","index":0,"n_rows":157,"n_cols":7,"rows_kept":157,"merged":[[0,0,0,6],[28,0,28,5],[40,0,40,5],[142,0,142,5]]}
["TABELA 613.1 - Estatísticas Agrícolas, Município de Ubarana, Estado de São Paulo, 2016/17."]
["ITEM","UNIDADE","N.DE UPAs","MÍNIMO","MÉDIO","MÁXIMO","TOTAL"]
["Distância à sede do município","km",132,{"v":0,"d":"0.0"},{"v":5.95,"d":"6.0"},{"v":36,"d":"36.0"},"-"]
["Área total","hectare",132,{"v":2,"d":"2.0"},{"v":143.97,"d":"144.0"},{"v":4260.1,"d":"4,260.1"},{"v":19004.46,"d":"19,004.5"}]
["Área com cultura perene","hectare",13,2.7,{"v":69.85,"d":"69.9"},528.8,908.1]
["Área com cultura temporária","hectare",88,0.5,{"v":162.66,"d":"162.7"},{"v":3695.6,"d":"3,695.6"},{"v":14314.3,"d":"14,314.3"}]
["Área com pastagem","hectare",77,{"v":1,"d":"1.0"},{"v":24.51,"d":"24.5"},826.4,{"v":1887.1,"d":"1,887.1"}]
["Área com reflorestamento","hectare",10,0.5,{"v":15.15,"d":"15.2"},81.2,151.5]
["Área com vegetação natural","hectare",52,0.4,{"v":11.83,"d":"11.8"},160.7,615.3]
["Área com vegetação de brejo e várzea","hectare",82,0.2,4.3,{"v":50,"d":"50.0"},{"v":352.36,"d":"352.4"}]
["Área em descanso","hectare",4,1.4,{"v":144.63,"d":"144.6"},{"v":322,"d":"322.0"},578.5]
["Área complementar","hectare",89,0.2,{"v":2.22,"d":"2.2"},{"v":46,"d":"46.0"},197.3]
["Área das UPAs com (0, 1] ha","hectare","-","-","-","-","-"]
["Área das UPAs com (1, 2] ha","hectare",1,{"v":2,"d":"2.0"},{"v":2,"d":"2.0"},{"v":2,"d":"2.0"},{"v":2,"d":"2.0"}]
["Área das UPAs com (2, 5] ha","hectare",10,2.4,{"v":3.85,"d":"3.9"},4.9,38.5]
["Área das UPAs com (5, 10] ha","hectare",17,5.1,{"v":7.73,"d":"7.7"},{"v":10,"d":"10.0"},{"v":131.46,"d":"131.5"}]
["Área das UPAs com (10, 20] ha","hectare",21,10.3,{"v":15.06,"d":"15.1"},19.3,316.2]
["Área das UPAs com (20, 50] ha","hectare",42,20.5,{"v":33.35,"d":"33.4"},49.7,{"v":1400.8,"d":"1,400.8"}]
["Área das UPAs com (50, 100] ha","hectare",12,50.8,{"v":64.93,"d":"64.9"},91.7,779.1]
["Área das UPAs com (100, 200] ha","hectare",7,104.6,132.6,186.4,928.2]
["Área das UPAs com (200, 500] ha","hectare",10,210.9,{"v":327.67,"d":"327.7"},494.1,{"v":3276.7,"d":"3,276.7"}]
["Área das UPAs com (500, 1.000] ha","hectare",10,504.9,{"v":665.36,"d":"665.4"},895.4,{"v":6653.6,"d":"6,653.6"}]
["Área das UPAs com (1.000, 2.000] ha","hectare",1,{"v":1217.8,"d":"1,217.8"},{"v":1217.8,"d":"1,217.8"},{"v":1217.8,"d":"1,217.8"},{"v":1217.8,"d":"1,217.8"}]
["Área das UPAs com (2.000, 5.000] ha","hectare",1,{"v":4260.1,"d":"4,260.1"},{"v":4260.1,"d":"4,260.1"},{"v":4260.1,"d":"4,260.1"},{"v":4260.1,"d":"4,260.1"}]
["Área das UPAs com (5.000, 10.000] ha","hectare","-","-","-","-","-"]
["Área das UPAs acima de 10.000 ha","hectare","-","-","-","-","-"]
["Fonte: Secretaria de Agricultura e Abastecimento, CDRS/IEA, Projeto LUPA."]
[]
["TABELA 613.2 - Explorações Animais, Município de Ubarana, Estado de São Paulo, 2016/17."]
["ITEM","UNIDADE","N.DE UPAs","MÍNIMO","MÉDIO","MÁXIMO","TOTAL"]
["Avicultura de corte","cabecas/ano",1,{"v":6,"d":"6.0"},{"v":6,"d":"6.0"},{"v":6,"d":"6.0"},{"v":6,"d":"6.0"}]
["Avicultura para ovos","cabecas",1,{"v":30,"d":"30.0"},{"v":30,"d":"30.0"},{"v":30,"d":"30.0"},{"v":30,"d":"30.0"}]
["Bovinocultura de corte","cabecas",19,{"v":1,"d":"1.0"},{"v":159.16,"d":"159.2"},{"v":1300,"d":"1,300.0"},{"v":3024,"d":"3,024.0"}]
["Bovinocultura leiteira","cabecas",27,{"v":2,"d":"2.0"},{"v":16.04,"d":"16.0"},{"v":100,"d":"100.0"},{"v":433,"d":"433.0"}]
["Bovinocultura mista","cabecas",33,{"v":2,"d":"2.0"},{"v":17.24,"d":"17.2"},{"v":80,"d":"80.0"},{"v":569,"d":"569.0"}]
["Caprinocultura","cabecas",2,{"v":10,"d":"10.0"},{"v":15,"d":"15.0"},{"v":20,"d":"20.0"},{"v":30,"d":"30.0"}]
["Equinocultura","cabecas",19,{"v":2,"d":"2.0"},{"v":3,"d":"3.0"},{"v":10,"d":"10.0"},{"v":57,"d":"57.0"}]
["Suinocultura","cabecas",6,{"v":3,"d":"3.0"},{"v":19.67,"d":"19.7"},{"v":40,"d":"40.0"},{"v":118,"d":"118.0"}]
["Fonte: Secretaria de Agricultura e Abastecimento, CDRS/IEA, Projeto LUPA."]
[]
["TABELA 613.3 -  Máquinas, Implementos e Benfeitorias, Município de Ubarana, Estado de São Paulo, 2016/17."]
["ITEM","UNIDADE","N.DE UPAs","MÍNIMO","MÉDIO","MÁXIMO","TOTAL"]
["Arado comum (bacia, aiveca)","unidade",17,{"v":1,"d":"1.0"},{"v":1.29,"d":"1.3"},{"v":5,"d":"5.0"},{"v":22,"d":"22.0"}]
["Arado escarificador","unidade",3,{"v":1,"d":"1.0"},{"v":1,"d":"1.0"},{"v":1,"d":"1.0"},{"v":3,"d":"3.0"}]
["Arado subsolador","unidade",3,{"v":1,"d":"1.0"},{"v":1,"d":"1.0"},{"v":1,"d":"1.0"},{"v":3,"d":"3.0"}]
["Batedeira de cereais","unidade",1,{"v":1,"d":"1.0"},{"v":1,"d":"1.0"},{"v":1,"d":"1.0"},{"v":1,"d":"1.0"}]
["Carreta de trator","unidade",13,{"v":1,"d":"1.0"},{"v":1.23,"d":"1.2"},{"v":2,"d":"2.0"},{"v":16,"d":"16.0"}]
["Colhedeira acoplada","unidade",1,{"v":1,"d":"1.0"},{"v":1,"d":"1.0"},{"v":1,"d":"1.0"},{"v":1,"d":"1.0"}]
["Colhedeira automotriz","unidade",1,{"v":1,"d":"1.0"},{"v":1,"d":"1.0"},{"v":1,"d":"1.0"},{"v":1,"d":"1.0"}]
["Computador","unidade",3,{"v":1,"d":"1.0"},{"v":1,"d":"1.0"},{"v":1,"d":"1.0"},{"v":3,"d":"3.0"}]
["Conj.irrigacao autopropelido","unidade",1,{"v":2,"d":"2.0"},{"v":2,"d":"2.0"},{"v":2,"d":"2.0"},{"v":2,"d":"2.0"}]
["Conj.irrigacao/gotejamento/microaspersao","unidade",2,{"v":1,"d":"1.0"},{"v":2,"d":"2.0"},{"v":3,"d":"3.0"},{"v":4,"d":"4.0"}]
["Desintegrador, picador, triturador","unidade",5,{"v":1,"d":"1.0"},{"v":1,"d":"1.0"},{"v":1,"d":"1.0"},{"v":5,"d":"5.0"}]
["Distribuidor de calcario","unidade",8,{"v":1,"d":"1.0"},{"v":1.13,"d":"1.1"},{"v":2,"d":"2.0"},{"v":9,"d":"9.0"}]
["Ensiladeira","unidade",11,{"v":1,"d":"1.0"},{"v":1.27,"d":"1.3"},{"v":3,"d":"3.0"},{"v":14,"d":"14.0"}]
["Grade aradora (tipo romi)","unidade",10,{"v":1,"d":"1.0"},1.1,{"v":2,"d":"2.0"},{"v":11,"d":"11.0"}]
["Grade niveladora","unidade",16,{"v":1,"d":"1.0"},{"v":1.31,"d":"1.3"},{"v":4,"d":"4.0"},{"v":21,"d":"21.0"}]
["Implementos para tracao animal","unidade",1,{"v":2,"d":"2.0"},{"v":2,"d":"2.0"},{"v":2,"d":"2.0"},{"v":2,"d":"2.0"}]
["Misturador de racao","unidade",2,{"v":1,"d":"1.0"},{"v":1,"d":"1.0"},{"v":1,"d":"1.0"},{"v":2,"d":"2.0"}]
["Ordenhadeira mecanica","unidade",3,{"v":1,"d":"1.0"},{"v":1,"d":"1.0"},{"v":1,"d":"1.0"},{"v":3,"d":"3.0"}]
["Pulverizador tratorizado","unidade",14,{"v":1,"d":"1.0"},{"v":1.43,"d":"1.4"},{"v":5,"d":"5.0"},{"v":20,"d":"20.0"}]
["Resfriador de leite, tanque expansao","unidade",4,{"v":1,"d":"1.0"},{"v":1,"d":"1.0"},{"v":1,"d":"1.0"},{"v":4,"d":"4.0"}]
["Roçadeira tratorizada","unidade",4,{"v":1,"d":"1.0"},{"v":1,"d":"1.0"},{"v":1,"d":"1.0"},{"v":4,"d":"4.0"}]
["Semeadeira/adubadeira para plantio convencional","unidade",4,{"v":1,"d":"1.0"},{"v":1.25,"d":"1.3"},{"v":2,"d":"2.0"},{"v":5,"d":"5.0"}]
["Semeadeira/plantadeira plantio direto","unidade",5,{"v":1,"d":"1.0"},1.6,{"v":2,"d":"2.0"},{"v":8,"d":"8.0"}]
["Terraceador","unidade",2,{"v":1,"d":"1.0"},{"v":1,"d":"1.0"},{"v":1,"d":"1.0"},{"v":2,"d":"2.0"}]
["Trator de pneus  acima de 85 cv","unidade",17,{"v":1,"d":"1.0"},{"v":2.47,"d":"2.5"},{"v":9,"d":"9.0"},{"v":42,"d":"42.0"}]
["Trator de pneus até 65 cv","unidade",5,{"v":1,"d":"1.0"},{"v":1,"d":"1.0"},{"v":1,"d":"1.0"},{"v":5,"d":"5.0"}]
["Trator de pneus de 66 cv a 85 cv","unidade",6,{"v":1,"d":"1.0"},{"v":2,"d":"2.0"},{"v":5,"d":"5.0"},{"v":12,"d":"12.0"}]
["Acude/represa","unidade",23,{"v":1,"d":"1.0"},{"v":2.17,"d":"2.2"},{"v":8,"d":"8.0"},{"v":50,"d":"50.0"}]
["Almoxarifado/oficina","unidade",12,{"v":1,"d":"1.0"},{"v":1,"d":"1.0"},{"v":1,"d":"1.0"},{"v":12,"d":"12.0"}]
["Armazem para graos ensacados","sacas",9]
["Balanca para bovinos","unidade",4,{"v":1,"d":"1.0"},{"v":1.25,"d":"1.3"},{"v":2,"d":"2.0"},{"v":5,"d":"5.0"}]
["Balanca para veiculos","unidade",4,{"v":1,"d":"1.0"},{"v":1.25,"d":"1.3"},{"v":2,"d":"2.0"},{"v":5,"d":"5.0"}]
["Barracao para granja/avicultura","unidade",3,{"v":3,"d":"3.0"},{"v":7.67,"d":"7.7"},{"v":14,"d":"14.0"},{"v":23,"d":"23.0"}]
["Barracao/galpao/garagem","unidade",24,{"v":1,"d":"1.0"},{"v":1.17,"d":"1.2"},{"v":4,"d":"4.0"},{"v":28,"d":"28.0"}]
["Casa de moradia habitada","unidade",61,{"v":1,"d":"1.0"},{"v":1.75,"d":"1.8"},{"v":9,"d":"9.0"},{"v":107,"d":"107.0"}]
["Casa de moradia total","unidade",63,{"v":1,"d":"1.0"},{"v":2.03,"d":"2.0"},{"v":12,"d":"12.0"},{"v":128,"d":"128.0"}]
["Curral/mangueira","unidade",39,{"v":1,"d":"1.0"},{"v":1.05,"d":"1.1"},{"v":3,"d":"3.0"},{"v":41,"d":"41.0"}]
["Deposito/tulha","unidade",22,{"v":1,"d":"1.0"},{"v":1.05,"d":"1.1"},{"v":2,"d":"2.0"},{"v":23,"d":"23.0"}]
["Estabulo","unidade",1,{"v":3,"d":"3.0"},{"v":3,"d":"3.0"},{"v":3,"d":"3.0"},{"v":3,"d":"3.0"}]
["Fabrica de racao","unidade",2,{"v":1,"d":"1.0"},{"v":1,"d":"1.0"},{"v":1,"d":"1.0"},{"v":2,"d":"2.0"}]
["Instalacoes para equinos","unidade",1,{"v":1,"d":"1.0"},{"v":1,"d":"1.0"},{"v":1,"d":"1.0"},{"v":1,"d":"1.0"}]
["Pocilga","unidade",2,{"v":1,"d":"1.0"},1.5,{"v":2,"d":"2.0"},{"v":3,"d":"3.0"}]
["Poco semi-artesiano","unidade",49,{"v":1,"d":"1.0"},{"v":1.04,"d":"1.0"},{"v":2,"d":"2.0"},{"v":51,"d":"51.0"}]
["Silo para graos","ton",1]
["Silo para silagem","ton",2]
["Terreiro","m2",1]
["Fonte: Secretaria de Agricultura e Abastecimento, CDRS/IEA, Projeto LUPA."]
[]
["TABELA 613.4 - Outras Estatísticas Agrícolas, Município de Ubarana, Estado de São Paulo, 2016/17."]
["ITEM","Número de UPAs",null,"Percentual"]
["Faz Parte de Associação de Produtores",60,null,{"v":45.45454545454546,"d":"45.5"}]
["Faz Parte de Cooperativa de Produtores",14,null,{"v":10.606060606060607,"d":"10.6"}]
["Faz Parte do Sindicato de Produtores",41,null,{"v":31.06060606060606,"d":"31.1"}]
["Não utiliza assistência técnica ",14,null,{"v":10.606060606060606,"d":"10.6"}]
["Utiliza somente assistência técnica governamental ",58,null,{"v":43.93939393939394,"d":"43.9"}]
["Utiliza somente assistência técnica privada ",23,null,{"v":17.424242424242426,"d":"17.4"}]
["Utiliza assistência técnica tanto governamental quanto privada",37,null,{"v":28.030303030303028,"d":"28.0"}]
["Utiliza Crédito Rural",24,null,{"v":18.181818181818183,"d":"18.2"}]
["Utiliza Seguro Rural",28,null,{"v":21.212121212121215,"d":"21.2"}]
["Utiliza Escrituração Agrícola",31,null,{"v":23.484848484848488,"d":"23.5"}]
["Acessa Internet p/ Fins na Agropecuária",63,null,{"v":47.72727272727273,"d":"47.7"}]
["Utiliza Computador nas Atividades Agropecuárias",53,null,{"v":40.15151515151515,"d":"40.2"}]
["Utiliza Energia Elétrica Para Uso na Atividade Agrícola",91,null,{"v":68.93939393939394,"d":"68.9"}]
["Utiliza Energia Alternativa",1,null,{"v":0.7575757575757576,"d":"0.8"}]
["Realiza Análise de Solo, quando necessário",102,null,{"v":77.27272727272728,"d":"77.3"}]
["Realiza Calagem",25,null,{"v":18.93939393939394,"d":"18.9"}]
["Utiliza Práticas de Conservação de Solo, quando necessário",105,null,{"v":79.54545454545455,"d":"79.5"}]
["Faz Adubação Mineral, quando necessário",100,null,{"v":75.75757575757576,"d":"75.8"}]
["Faz Adubação Orgânica, quando necessário",33,null,{"v":25,"d":"25.0"}]
["Faz Adubação Verde, quando necessário",40,null,{"v":30.3030303030303,"d":"30.3"}]
["Utiliza Manejo Integrado de Pragas (MIP)",25,null,{"v":18.93939393939394,"d":"18.9"}]
["Utiliza Hidroponia",1,null,{"v":0.7575757575757576,"d":"0.8"}]
["Utiliza Cultivo em Estufa",1,null,{"v":0.7575757575757576,"d":"0.8"}]
["Utiliza Mudas Fiscalizadas",61,null,{"v":46.21212121212121,"d":"46.2"}]
["Utiliza Semente Melhorada",8,null,{"v":6.0606060606060606,"d":"6.1"}]
["Faz Confinamento de Bovinos","-",null,"-"]
["Utiliza Pastejo Intensivo",5,null,{"v":3.787878787878788,"d":"3.8"}]
["Faz Inseminação Artificial",4,null,{"v":3.0303030303030303,"d":"3.0"}]
["Faz Mineralização do Rebanho",41,null,{"v":31.06060606060606,"d":"31.1"}]
["Faz Vermifugação do Rebanho",41,null,{"v":31.06060606060606,"d":"31.1"}]
["Possui Parceiros /Arrendatários na Exploração Animal",28,null,{"v":21.212121212121215,"d":"21.2"}]
["Existência de trabalhadores c/ deficiência na UPA","-",null,"-"]
["Esporte e lazer",1,null,{"v":0.7575757575757576,"d":"0.8"}]
["Extração mineral",1,null,{"v":0.7575757575757576,"d":"0.8"}]
["Hotel Fazenda, Pousada ou SPA","-",null,"-"]
["Pesque-pague","-",null,"-"]
["Restaurante ou Lanchonete","-",null,"-"]
["Transformação artesanal","-",null,"-"]
["Turismo rural ou ecoturismo","-",null,"-"]
["Outras atividades econômicas rurais","-",null,"-"]
["Agroindústria","-",null,"-"]
["Proprietário sem instrução ou com instrução incompleta",9,null,{"v":6.818181818181818,"d":"6.8"}]
["Proprietário com antigo primário completo",4,null,{"v":3.0303030303030303,"d":"3.0"}]
["Proprietário com 1° grau (ou antigo ginasial) completo",45,null,{"v":34.09090909090909,"d":"34.1"}]
["Proprietário com 2° grau (ou antigo colegial) completo",30,null,{"v":22.72727272727273,"d":"22.7"}]
["Proprietário com curso superior completo ",39,null,{"v":29.545454545454543,"d":"29.5"}]
["Pessoa Jurídica",5,null,{"v":3.787878787878788,"d":"3.8"}]
["Proprietário residente na própria UPA ",15,null,{"v":11.363636363636365,"d":"11.4"}]
["Fonte: Secretaria de Agricultura e Abastecimento, CDRS/IEA, Projeto LUPA."]
[]
["TABELA 613.5 - Área Cultivada, Município de Ubarana, Estado de São Paulo, 2016/17."]
["CULTURA","N.DE UPAs","MÍNIMO","MÉDIO","MÁXIMO","TOTAL"]
["Cana-de-acucar finalidade industria",81,0.5,{"v":169.07,"d":"169.1"},{"v":3695.6,"d":"3,695.6"},{"v":13694.4,"d":"13,694.4"}]
["Braquiaria",76,{"v":1,"d":"1.0"},{"v":24.73,"d":"24.7"},826.4,{"v":1879.6,"d":"1,879.6"}]
["Laranja Industria",7,2.7,{"v":110.04,"d":"110.0"},528.8,770.3]
["Amendoim",2,207.2,254.2,301.2,508.4]
["Eucalipto",10,0.5,{"v":15.15,"d":"15.2"},81.2,151.5]
["Seringueira",5,{"v":5,"d":"5.0"},{"v":18.22,"d":"18.2"},{"v":37,"d":"37.0"},91.1]
["Laranja Mercado",1,46.7,46.7,46.7,46.7]
["Milho safra",2,4.8,22.4,{"v":40,"d":"40.0"},44.8]
["Milho-silagem",1,32.7,32.7,32.7,32.7]
["Cana-de-acucar outras finalidades",1,26.4,26.4,26.4,26.4]
["Feijao",1,{"v":8,"d":"8.0"},{"v":8,"d":"8.0"},{"v":8,"d":"8.0"},{"v":8,"d":"8.0"}]
["Capim-jaragua",1,7.5,7.5,7.5,7.5]
["Fonte: Secretaria de Agricultura e Abastecimento, CDRS/IEA, Projeto LUPA."]